La musique que j'aime - Johnny Hallyday : Paroles - Statistiques

Statistiques générales
  • Ce quiz a été pris 23 fois
  • Le résultat moyen est 202 sur 254
Statistiques - réponses
Paroles % Correct
j'ai
100%
j'aime
100%
la
100%
100%
musique
100%
que
100%
blues
94%
du
94%
elle
94%
le
94%
tout
94%
Toute
94%
toute
94%
vient
94%
ce
88%
de
88%
les
88%
ma
88%
ne
88%
tant
88%
vivra
88%
a
82%
à
82%
ça
82%
et
82%
jamais
82%
même
82%
mêmes
82%
mots
82%
sont
82%
chante
76%
crever
76%
devient
76%
dire
76%
en
76%
je
76%
mal
76%
pour
76%
qu'est
76%
chanter
71%
des
71%
exprimer
71%
guitares
71%
quand
71%
sur
71%
t'aime
71%
te
71%
toujours
71%
veut
71%
c'est
65%
chanterai
65%
garder
65%
il
65%
jour
65%
l'amour
65%
longtemps
65%
mais
65%
mes
65%
peines
65%
Dieu
59%
joies
59%
j'y
59%
l'aime
59%
lui
59%
mets
59%
noires
59%
prière
59%
puis
59%
y
59%
autant
53%
mains
53%
donnaient
47%
espoirs
47%
pleure
35%
Aucun quiz correspondant
Distribution des résultats
% des personnes avec chaque résultat
Percentile par nombre de réponses
Votre historique - résultats
Vous n’avez pas pris ce quiz